| 000 | 00947cad a22002415a 4500 | ||
|---|---|---|---|
| 001 | L149703 | ||
| 008 | 100413u2010 xxk g 000 0 eng d | ||
| 035 | _a(Sirsi) u149703 | ||
| 041 | 0 | _aeng | |
| 050 | _a720 $2 18 | ||
| 100 | _aDrury, Andrew | ||
| 110 | 2 |
_aHomes and Communities Agency Limited _95838 |
|
| 245 | 0 | 0 |
_aRoom to swing a cat? _bthe amount and use of space in new dwellings in London & the South East _h[electronic resource] |
| 260 |
_aIlkley _bHATC _c2010 |
||
| 520 | _aResearch finds over 8 out of 10 private homes built in south east England are not meeting HATC's draft space standards; based on a detailed survey of 100 homes across 6 housing types. | ||
| 590 | _aKA, NTK | ||
| 651 | 4 | _aSouth East (England) | |
| 651 | 4 | _aLondon | |
| 690 | _aBUILT ENVIRONMENT | ||
| 700 | 1 | _aSomers, Eleanor | |
| 856 | 4 | 0 |
_uhttps://www.hatc.co.uk/room_to_swing_a_cat.pdf## _z View the item free of charge at www.hatc.co.uk |
| 942 | _n0 | ||
| 999 |
_c120845 _d120845 |
||